000 01822cam a22001934a 4500
005 20250605164104.0
008 250528s ||||||||||||||||||||||||d
035 _a17682
020 _a9789605461584
040 _aGR-AtMCL
_bgre
_dGR-AtMCL
_eAACR2
245 1 _aΜικροεπισκευές / Ηλεκτρολογικά, Υδραυλικά, Μονωση και Θέρμανση
260 _bΠεδίο,
_c2013
300 _a160
520 _aΜάθετε ό,τι χρειάζεται, για να κάνετε συνήθεις μικροεπισκευές παίρνοντας όλες τις προφυλάξεις, για να βελτιώσετε την άνεση και την ασφάλεια του σπιτιού σας. Ηλεκτρολογικά, Τα Εργαλεία του Ηλεκτρολόγου, Ασφάλεια στο Σπίτι, Τα Ηλεκτρικά Κυκλώματα, Επιδιορθώσεις και Μικρές Παρεμβάσεις, Τροποποίηση Ενός Ηλεκτρικού Κυκλώματος, Υδραυλικά, Τα Εργαλεία του Υδραυλικού, Νερό Μέσα στο Σπίτι, Σωληνώσεις και Συναρμογές, Επισκευάστε Συνηθισμένες Βλάβες, Το Καζανάκι της Τουαλέτας, Αερισμός και Μόνωση, Καταπολέμηση της Υγρασίας, Εξασφάλιση Επαρκούς Αερισμού, Ενίσχυση της Μόνωσης, Θέρμανση, Οι Διάφορες Μορφές Ενέργειας, Βελτιστοποίηση του Συστήματος Θέρμανσης, Χρήσιμοι όροι, Πρώτες Βοήθειες σε Ηλεκτροπληξία.
710 2 _aLarousse
_99748
942 _cBK
999 _c3084
_d3084